| 000 | 00806nam a22001697a 4500 | ||
|---|---|---|---|
| 999 |
_c59118 _d59118 |
||
| 003 | Ge_BSU | ||
| 005 | 20221128121352.0 | ||
| 008 | 221128s1982ge xxu||||| |||| 00| 0 geo d | ||
| 041 | _ageo | ||
| 080 | _a821.163.2-1 თ-29 | ||
| 245 |
_aთანამედროვე ბულგარული პოეზიის ანთოლოგია / _cბულგ. თარგმნა მ. მაჭავარიანმა. |
||
| 264 |
_aთბილისი: _bსაბჭ. საქართველო, _c1982. |
||
| 300 |
_a371 გვ. ; _b16 სმ. |
||
| 653 | _aთანამედროვე ბულგარული პოეზიის ანთოლოგია | ||
| 700 |
_aმაჭავარიანი, მ. _eმთარგმნელი _916143 |
||
| 942 |
_2udc _cBK |
||